000 01166nam a2200349 i 4500
999 _c2853
_d2853
001 020719375
003 UkOxU
005 20230824081047.0
008 150309r20152012enka 001|0|eng|d
015 _aGBB580169
_2bnb
016 7 _a017408525
_2Uk
020 _a9781107539334
_qpaperback
035 _a(Uk)017408525
040 _aStDuBDS
_beng
_erda
_cStDuBDS
_dUk
_dUkOxU
_dKH8
042 _aukblsr
082 0 4 _a428.24 MUR
_223
100 1 _aMurphy, Raymond,
_eauthor.
245 1 0 _aEnglish grammar in use :
_ba self-study reference and practice book for intermediate learners of English /
_cRaymond Murphy.
250 _aFourth edition.
264 1 _aCambridge :
_bCambridge University Press,
_c2015.
264 4 _c©2015
300 _ax, 380, 8 pages :
_billustrations (colour) ;
_c27 cm.
336 _atext
_2rdacontent
336 _astill image
_2rdacontent
337 _aunmediated
_2rdamedia
338 _avolume
_2rdacarrier
500 _a"With answers and ebook".
500 _aIncludes index.
650 0 _aEnglish language
_vTextbooks for foreign speakers.
650 0 _aEnglish language
_xGrammar
_vProblems, exercises, etc.
942 _2ddc
_cTR